000 00763nam a2200253 a 4500
001 000026136
005 20200930024331.0
008 101013s1968 sp 000 | spa d
040 _aDO-SdBNP
_bspa
_cBNPHU
041 _aspa
_hfre
_2Código de idioma MARC
082 _axxx
_bE93c, 1968
100 1 _aEvely, Louis ,
_953107
240 0 _aCredo.
_lEspañol
245 1 0 _aCompendio de teología cristiana /
_cLouis Evely; traducción Juan de Benavent.
250 _a5a ed.
260 _aBarcelona :
_bAriel,
_c1968.
300 _a413 p. ;
_c19 cm.
490 _aLibro del Nopal
500 _aIncluye índice alfabético
534 _aTítulo original :
_aCredo.
700 1 _aBenavent, Juan de,
_953108
830 0 _aLibro del Nopal
_953109
049 _aBNGR
999 _c25628
_d25628